000 00969nam a2200301 i 4500
001 000038863
003 DO-SdBNP
005 20251027121303.0
007 ta
008 130430s1988 dr 000 0 spa d
040 _aDO-SdBNP
_bspa
_cBNPHU
_erda
041 _aspa
082 4 _aRD863.44
_bB171c, 1988
_222
100 1 _a Balaguer, Joaquín,
_d1906-2002
_eautor
_4aut.
_976556
245 1 4 _aLos carpinteros /
_cJoaquín Balaguer.
250 _aSeptima edición
264 _aSanto Domingo :
_bEditora Corripio, C. por A.,
_c1988.
300 _a431 paginas ;
_c24 cm.
336 _atexto
_btxt
_2rdacontent
337 _asin mediación
_bn
_2rdamedia
338 _avolumen
_bnc
_2rdacarrier
500 _aIncluye referencias bibliográficas y otas al pie de las páginas
590 _aInventariado, 2023/DG
650 4 _aNovela dominicana
_9223
650 4 _aLiteratura dominicana
_978377
910 _aDG. Validado. Control de calidad/ MAA
942 _2ddc
_cLBS1
999 _c55266
_d55266